[Event "EU-chT Seniors 65"]
[Site "Terme Catez"]
[Date "2024.05.07"]
[Round "1.3"]
[White "Kierzek, Mira"]
[Black "Baker, Chris W"]
[Result "0-1"]
[WhiteElo "1985"]
[BlackElo "2218"]
[PlyCount "84"]
[EventDate "2024.05.07"]
[EventType "team-swiss"]
[EventRounds "9"]
[EventCountry "SLO"]
[SourceTitle "CB20_2024"]
[SourceDate "2024.05.16"]
[SourceVersion "1"]
[SourceVersionDate "2024.05.16"]
[SourceQuality "1"]
[WhiteTeam "Germany (Women) 65"]
[BlackTeam "England 65"]
[WhiteTeamCountry "GER"]
[BlackTeamCountry "ENG"]

1. d4 Nf6 2. Nf3 g6 3. g3 Bg7 4. Bg2 0-0 5. 0-0 d6 6. b3 c6 7. Bb2 Qa5 8. Qd2 Qh5 9. Qg5 Qxg5 10. Nxg5 a5 11. c4 Na6 12. a3 h6 13. Ne4 Nxe4 14. Bxe4 Nc5 15. dxc5 Bxb2 16. Ra2 Bf6 17. cxd6 exd6 18. Rd2 Rd8 19. Rfd1 Be6 20. Rxd6 Rxd6 21. Rxd6 a4 22. Bc2 Be5 23. Rd2 axb3 24. Bxb3 b5 25. f4 Bf6 26. e4 bxc4 27. Bc2 Bb2 28. Rd6 Rb8 29. Kg2 Bg7 30. Kf3 Rb2 31. Rd2 c3 32. Rg2 Ba2 33. Nxc3 Bxc3 34. Ba4 c5 35. Bc6 Rxg2 36. Kxg2 Bb2 37. a4 c4 38. a5 Bd4 39. Kf1 c3 40. Ba4 Bb1 41. Ke2 c2 42. Kd2 Be3+ 0-1

[Event "Bad Woerishofen Seniors op 39th"]
[Site "Bad Woerishofen"]
[Date "2024.03.14"]
[Round "7"]
[White "Neumann, Joachim"]
[Black "Kierzek, Mira"]
[Result "1/2-1/2"]
[WhiteElo "2062"]
[BlackElo "1977"]
[PlyCount "52"]
[EventDate "2024.03.08"]
[EventType "swiss"]
[EventRounds "9"]
[EventCountry "GER"]
[SourceTitle "CB13_2024"]
[SourceDate "2024.03.27"]
[SourceVersion "1"]
[SourceVersionDate "2024.03.27"]
[SourceQuality "1"]

1. d4 d5 2. Bf4 Nf6 3. e3 Bf5 4. c4 c6 5. Nc3 e6 6. Qb3 Qb6 7. c5 Qxb3 8. axb3 Nbd7 9. h3 Be7 10. b4 0-0 11. b5 cxb5 12. Bxb5 a6 13. Ba4 Nb8 14. Nf3 Nfd7 15. Kd2 Rc8 16. b4 Nc6 17. b5 axb5 18. Bxb5 h6 19. Bd3 Bxd3 20. Kxd3 b6 21. cxb6 Nxb6 22. Rxa8 Rxa8 23. Rc1 Nb4+ 24. Ke2 Nc4 25. e4 dxe4 26. Nxe4 Ra2+ 1/2-1/2

[Event "WchT Seniors 65"]
[Site "Struga"]
[Date "2023.09.28"]
[Round "9.3"]
[White "Kierzek, Mira"]
[Black "Stuer, Marc"]
[Result "0-1"]
[WhiteElo "1935"]
[BlackElo "2031"]
[PlyCount "100"]
[EventDate "2023.09.19"]
[EventType "team-swiss"]
[EventRounds "9"]
[EventCountry "MKD"]
[SourceTitle "EXT 2024"]
[Source "ChessBase"]
[SourceDate "2023.10.10"]
[SourceVersion "1"]
[SourceVersionDate "2023.10.10"]
[SourceQuality "1"]
[WhiteTeam "Germany 65 (W)"]
[BlackTeam "Belgium 65"]
[WhiteTeamCountry "GER"]
[BlackTeamCountry "BEL"]

1. e4 c5 2. Nf3 d6 3. Bc4 Nf6 4. d3 Nc6 5. 0-0 g6 6. c3 Bg7 7. h3 0-0 8. Bb3 b5 9. Re1 Bb7 10. Bf4 e5 11. Bg5 h6 12. Be3 Qe7 13. Nbd2 Rfc8 14. Rc1 Na5 15. Bc2 Rab8 16. b3 d5 17. d4 dxe4 18. Nxe5 Nd5 19. Bxe4 Nxe3 20. Rxe3 cxd4 21. cxd4 Bxe4 22. Rxe4 Qb7 23. Rf4 Bxe5 24. dxe5 Rd8 25. Qe2 Qd7 26. Nf3 Nc6 27. Qe4 Rbc8 28. Re1 Re8 29. Rf6 Re6 30. Rxe6 Qxe6 31. Nd4 Nxd4 32. Qxd4 a6 33. Rd1 Rc2 34. a4 Re2 35. axb5 axb5 36. f4 Qxb3 37. Qd8+ Kh7 38. Qd5 Qxd5 39. Rxd5 Rb2 40. Rd7 Kg8 41. Rd8+ Kg7 42. Rd7 Kf8 43. Rb7 h5 44. h4 Rb4 45. g3 Rb2 46. Kh1 b4 47. Kg1 b3 48. Kh1 Ke8 49. Kg1 Kd8 50. Rxf7 Rc2 0-1

[Event "WchT Seniors 65"]
[Site "Struga"]
[Date "2023.09.23"]
[Round "5.3"]
[White "Kierzek, Mira"]
[Black "Pregl, Walter"]
[Result "1/2-1/2"]
[WhiteElo "1935"]
[BlackElo "1971"]
[PlyCount "120"]
[EventDate "2023.09.19"]
[EventType "team-swiss"]
[EventRounds "9"]
[EventCountry "MKD"]
[SourceTitle "EXT 2024"]
[Source "ChessBase"]
[SourceDate "2023.10.10"]
[SourceVersion "1"]
[SourceVersionDate "2023.10.10"]
[SourceQuality "1"]
[WhiteTeam "Germany 65 (W)"]
[BlackTeam "Austria 65 II"]
[WhiteTeamCountry "GER"]
[BlackTeamCountry "AUT"]

1. d4 g6 2. Nf3 Bg7 3. e3 Nf6 4. Be2 0-0 5. 0-0 d6 6. c4 c6 7. Nc3 Qc7 8. h3 e5 9. dxe5 dxe5 10. e4 h6 11. Be3 b6 12. Rc1 Be6 13. b3 Nh5 14. Re1 Qe7 15. Bf1 Rd8 16. Qc2 Na6 17. Rcd1 Nf4 18. Bxf4 exf4 19. Ne2 g5 20. Ned4 Nb4 21. Qb1 c5 22. Nxe6 Qxe6 23. a3 Nc6 24. Rd5 Ne7 25. Rd3 Rxd3 26. Qxd3 Nc6 27. Qc2 Rd8 28. Be2 Qg6 29. Bd3 h5 30. Rd1 Be5 31. Be2 Bd4 32. Bd3 Qg7 33. Kf1 Qf6 34. Qe2 Be5 35. Bc2 Rxd1+ 36. Qxd1 g4 37. hxg4 hxg4 38. Nh2 f3 39. Nxg4 fxg2+ 40. Kxg2 Qg5 41. Kf1 Bd4 42. Qf3 Kg7 43. Bd1 Ne7 44. Nh2 Ng6 45. Qg4 Qd2 46. Qe2 Qh6 47. Qh5 Qf4 48. Nf3 Bf6 49. e5 Bxe5 50. Nxe5 Nxe5 51. Qe2 Qf5 52. Qh5 Qe4 53. Qg5+ Ng6 54. Qg3 Qd4 55. Bc2 Qa1+ 56. Kg2 Qxa3 57. Qc3+ Kg8 58. Qf6 Nf8 59. Qg5+ Kh8 60. Qh6+ Kg8 1/2-1/2

[Event "WchT Seniors 65"]
[Site "Struga"]
[Date "2023.09.22"]
[Round "4.3"]
[White "Olsson, Torgny"]
[Black "Kierzek, Mira"]
[Result "1/2-1/2"]
[WhiteElo "1792"]
[BlackElo "1935"]
[PlyCount "111"]
[EventDate "2023.09.19"]
[EventType "team-swiss"]
[EventRounds "9"]
[EventCountry "MKD"]
[SourceTitle "EXT 2024"]
[Source "ChessBase"]
[SourceDate "2023.10.10"]
[SourceVersion "1"]
[SourceVersionDate "2023.10.10"]
[SourceQuality "1"]
[WhiteTeam "Sweden Skane 65"]
[BlackTeam "Germany 65 (W)"]
[WhiteTeamCountry "SWE"]
[BlackTeamCountry "GER"]

1. d4 d5 2. Bf4 Nf6 3. e3 e6 4. Nd2 c5 5. c3 Nc6 6. Bd3 Bd6 7. Bg3 0-0 8. Ngf3 Qe7 9. Ne5 Nd7 10. Nxd7 Bxd7 11. Bxd6 Qxd6 12. dxc5 Qxc5 13. Bxh7+ Kxh7 14. Qh5+ Kg8 15. Ne4 Qc4 16. Ng5 Rfd8 17. Qxf7+ Kh8 18. Qh5+ Kg8 19. Qh7+ Kf8 20. Qh8+ Ke7 21. Qxg7+ Kd6 22. Nf7+ Kc7 23. Nxd8 Rxd8 24. b3 Qb5 25. Rd1 Kc8 26. h4 e5 27. Qf7 d4 28. Qc4 Qxc4 29. bxc4 Be6 30. cxd4 exd4 31. Rc1 dxe3 32. fxe3 Ne5 33. Rd1 Nd3+ 34. Kf1 Bxc4 35. Kg1 Rf8 36. a4 Kb8 37. Rf1 Rxf1+ 38. Kxf1 Nc5+ 39. Kf2 Nxa4 40. h5 Bd3 41. Kf3 Nc5 42. Rh4 a5 43. e4 Ne6 44. Rg4 Ka7 45. h6 Nf8 46. Rg7 a4 47. h7 Nxh7 48. Rxh7 a3 49. Rh1 a2 50. Ra1 Bc4 51. Ke3 b5 52. Kd2 Kb6 53. Kc3 Kc5 54. Kb2 Kd4 55. Re1 Ke5 56. g4 1/2-1/2

[Event "EU-chT Seniors 65"]
[Site "Swidnica"]
[Date "2023.07.17"]
[Round "6.9"]
[White "Kierzek, Mira"]
[Black "Novak, Stjepan"]
[Result "1-0"]
[WhiteElo "1937"]
[BlackElo "1499"]
[PlyCount "175"]
[EventDate "2023.07.12"]
[EventType "team-swiss"]
[EventRounds "9"]
[EventCountry "POL"]
[SourceTitle "CBM 215 Extra"]
[Source "ChessBase"]
[SourceDate "2023.09.30"]
[SourceVersion "1"]
[SourceVersionDate "2023.09.30"]
[SourceQuality "1"]
[WhiteTeam "Germany (Women) 65"]
[BlackTeam "Mursko Sredisce 65"]
[WhiteTeamCountry "GER"]
[BlackTeamCountry "CRO"]

1. Nf3 b5 2. e4 a6 3. c4 Bb7 4. Qc2 c6 5. d4 e6 6. Bd3 bxc4 7. Bxc4 d5 8. Bd3 Bb4+ 9. Nc3 a5 10. 0-0 Ba6 11. a3 Bxd3 12. Qxd3 Bxc3 13. bxc3 Ne7 14. e5 Nd7 15. Bg5 0-0 16. Bd2 Ng6 17. g3 c5 18. h4 c4 19. Qc2 h6 20. Kg2 Nh8 21. Nh2 f5 22. exf6 Qxf6 23. Qa4 Qf7 24. f4 Qe8 25. Rab1 Nf6 26. Qxe8 Rfxe8 27. Rb6 Ng6 28. Rfb1 a4 29. Be1 Ra7 30. Kf3 Kf7 31. Nf1 h5 32. Ne3 Nf8 33. R6b5 Ree7 34. R1b4 g6 35. Rb1 Rec7 36. Nc2 N8d7 37. R5b4 Ne8 38. g4 Nd6 39. gxh5 Rcb7 40. hxg6+ Kxg6 41. Bg3 Rxb4 42. Rxb4 Nf5 43. Ne3 Kh5 44. Nxf5 exf5 45. Rb5 Nf6 46. Rb6 Ne4 47. Be1 Rg7 48. Rb8 Kg6 49. Rb5 Nf6 50. Rb6 Rf7 51. Ra6 Kh5 52. Rxa4 Re7 53. Ra6 Ne4 54. Ra5 Nf6 55. Bf2 Re6 56. Bg3 Rb6 57. Ra8 Ne4 58. Rf8 Rf6 59. Rxf6 Nxf6 60. a4 Nd7 61. Be1 Nb6 62. a5 Na8 63. a6 Kh6 64. Ke3 Kh5 65. a7 Kg4 66. Bf2 Kh5 67. Kd2 Kg4 68. Bg3 Kh5 69. Kc2 Nc7 70. Kb2 Kg6 71. Ka2 Kh5 72. Kb2 Kg4 73. Ka2 Kh5 74. Ka3 Nb5+ 75. Kb4 Nxa7 76. Kc5 Nc8 77. Kxd5 Kg4 78. Ke6 Nb6 79. d5 Kxg3 80. h5 Kxf4 81. h6 Ke4 82. h7 Nxd5 83. h8Q Nf4+ 84. Kd6 Ne2 85. Qe5+ Kd3 86. Qxf5+ Kxc3 87. Kc5 Kb3 88. Qd5 1-0

[Event "EU-chT Seniors 65"]
[Site "Swidnica"]
[Date "2023.07.15"]
[Round "4.8"]
[White "Mortensen, Steen Juul"]
[Black "Kierzek, Mira"]
[Result "0-1"]
[WhiteElo "1875"]
[BlackElo "1937"]
[PlyCount "56"]
[EventDate "2023.07.12"]
[EventType "team-swiss"]
[EventRounds "9"]
[EventCountry "POL"]
[SourceTitle "CBM 215 Extra"]
[Source "ChessBase"]
[SourceDate "2023.09.30"]
[SourceVersion "1"]
[SourceVersionDate "2023.09.30"]
[SourceQuality "1"]
[WhiteTeam "Denmark 65"]
[BlackTeam "Germany (Women) 65"]
[WhiteTeamCountry "DEN"]
[BlackTeamCountry "GER"]

1. d4 Nf6 2. c4 e6 3. Nf3 d5 4. g3 c5 5. Bg2 cxd4 6. Nxd4 e5 7. Nf3 d4 8. 0-0 Nc6 9. Nbd2 Be7 10. a3 a5 11. b3 0-0 12. Bb2 Bc5 13. h3 Re8 14. Qb1 h6 15. Ne4 Nxe4 16. Qxe4 Qb6 17. Qc2 Be6 18. Nh4 Rad8 19. Be4 Bxh3 20. Bd5 Ne7 21. Bg2 Bxg2 22. Kxg2 Qc6+ 23. Kg1 e4 24. Rad1 g5 25. Ng2 Nf5 26. Kh2 Qg6 27. Ne1 Qh5+ 28. Kg2 Qg4 0-1

[Event "Rottach Egern Seniors Cup 11th"]
[Site "Rottach Egern"]
[Date "2023.04.17"]
[Round "3"]
[White "Marentini, Marcel"]
[Black "Kierzek, Mira"]
[Result "1-0"]
[WhiteElo "2118"]
[BlackElo "1972"]
[PlyCount "191"]
[EventDate "2023.04.15"]
[EventType "swiss"]
[EventRounds "9"]
[EventCountry "GER"]
[SourceTitle "EXT 2024"]
[Source "ChessBase"]
[SourceDate "2023.10.10"]
[SourceVersion "1"]
[SourceVersionDate "2023.10.10"]
[SourceQuality "1"]

1. Nf3 Nf6 2. c4 g6 3. Nc3 Bg7 4. e4 d6 5. d4 c6 6. h3 Nbd7 7. Be3 Qa5 8. Nd2 e5 9. d5 0-0 10. Be2 c5 11. g4 a6 12. a4 Ne8 13. h4 Qd8 14. h5 Rb8 15. Ra3 Nc7 16. Nf1 Re8 17. Ng3 Nf8 18. Qd2 Bd7 19. Rb3 Qc8 20. f3 Qd8 21. Bf1 Qe7 22. Bd3 Rec8 23. a5 Ne8 24. Rb6 Nc7 25. Bg5 Bf6 26. Be3 Na8 27. Rb3 Qd8 28. Ra3 Bh4 29. Kf2 Bf6 30. b3 Bg7 31. Bc2 Qe7 32. Raa1 Qd8 33. Nce2 Bf6 34. Rag1 g5 35. Ra1 h6 36. Ra3 Qc7 37. Rha1 Be7 38. Nc3 Kg7 39. Kg2 Nh7 40. Bf2 Rf8 41. Nd1 Nf6 42. Ne3 Ng8 43. Ngf5+ Kh7 44. Bg3 Bf6 45. Bf2 Ne7 46. Ng3 Ng8 47. Rb1 Ne7 48. b4 cxb4 49. Rxb4 Rfc8 50. Ba4 Qxa5 51. Qb2 Bxa4 52. Raxa4 Qc7 53. Nef5 Nxf5 54. Nxf5 a5 55. Rb5 b6 56. Ra1 Bd8 57. Rb1 Qd7 58. c5 dxc5 59. Qxe5 f6 60. Qc3 Qa7 61. d6 a4 62. Qc4 a3 63. Bg3 Rb7 64. Ra1 Qa6 65. Ra2 Ra7 66. Ne3 Qa4 67. Bf2 Qxc4 68. Nxc4 Rc6 69. Bg3 Ra4 70. Rxa3 Rxa3 71. Nxa3 c4 72. Nc2 Rc5 73. Rxc5 bxc5 74. Bf2 Nb6 75. Bxc5 Nd7 76. Bd4 Bb6 77. Bc3 Kg7 78. Na3 Kf7 79. Nxc4 Bc5 80. e5 Ke6 81. exf6 Nxf6 82. Bxf6 Kxf6 83. d7 Ke7 84. Ne5 Bb6 85. f4 gxf4 86. Kf3 Ke6 87. Kxf4 Bd8 88. Ke4 Bf6 89. Nf3 Kxd7 90. Kf5 Bb2 91. Kg6 Bc1 92. Nh4 Ke7 93. Nf5+ Kf8 94. Nxh6 Bb2 95. Nf7 Kg8 96. h6 1-0

[Event "EU-chT Seniors 65"]
[Site "Dresden"]
[Date "2022.10.29"]
[Round "3.3"]
[White "Kierzek, Mira"]
[Black "Bernstein, Reiner"]
[Result "1-0"]
[WhiteElo "1955"]
[BlackElo "1692"]
[PlyCount "75"]
[EventDate "2022.10.27"]
[EventType "team-swiss"]
[EventRounds "9"]
[EventCountry "GER"]
[SourceTitle "EXT 2024"]
[Source "ChessBase"]
[SourceDate "2023.10.10"]
[SourceVersion "1"]
[SourceVersionDate "2023.10.10"]
[SourceQuality "1"]
[WhiteTeam "Germany (Women) 65"]
[BlackTeam "Radebeul Chemie 65"]
[WhiteTeamCountry "GER"]
[BlackTeamCountry "GER"]

1. d4 d5 2. Nf3 Nf6 3. e3 Bg4 4. Be2 e6 5. 0-0 Bd6 6. h3 Bh5 7. c4 c6 8. Qb3 Qc8 9. Nc3 0-0 10. c5 Bc7 11. g4 Bg6 12. Nh4 Nbd7 13. Nxg6 hxg6 14. f4 b6 15. cxb6 axb6 16. Bd2 Qb7 17. a3 c5 18. Bb5 cxd4 19. exd4 Rac8 20. g5 Qb8 21. gxf6 Nxf6 22. Qd1 Nh5 23. Qf3 Nf6 24. Kg2 Qb7 25. Rac1 Bb8 26. Be3 Qe7 27. Be2 Qd6 28. Bd3 Nh5 29. Qg4 Nf6 30. Qh4 Qd8 31. Rcd1 Nh5 32. Qxd8 Rfxd8 33. Kf3 Kf8 34. Rc1 Ke7 35. Rf2 Rh8 36. Bf1 Nf6 37. Rfc2 Nd7 38. Nxd5+ 1-0

[Event "EU-ch Seniors 65"]
[Site "Budoni"]
[Date "2021.09.26"]
[Round "1"]
[White "Birnboim, Nathan"]
[Black "Kierzek, Mira"]
[Result "1-0"]
[WhiteElo "2375"]
[BlackElo "2019"]
[PlyCount "107"]
[EventDate "2021.09.26"]
[EventType "swiss"]
[EventRounds "9"]
[EventCountry "ITA"]
[SourceTitle "EXT 2023"]
[Source "ChessBase"]
[SourceDate "2022.10.05"]
[SourceVersion "1"]
[SourceVersionDate "2022.10.05"]
[SourceQuality "1"]

1. d4 d5 2. c4 c6 3. Nf3 Nf6 4. Nc3 e6 5. e3 Nbd7 6. Bd3 Bd6 7. 0-0 0-0 8. Qc2 h6 9. Rd1 Qc7 10. h3 dxc4 11. Bxc4 b5 12. Be2 a6 13. e4 e5 14. Be3 Bb7 15. a3 Rfe8 16. dxe5 Nxe5 17. Nd4 Ng6 18. Nf5 Be5 19. Bc5 Rad8 20. Bf3 Nf4 21. Rxd8 Rxd8 22. Rd1 Ne6 23. Be3 Rd7 24. h4 Qd8 25. Rxd7 Qxd7 26. g3 h5 27. Ne2 g6 28. Nh6+ Kg7 29. b4 Qd6 30. Kg2 a5 31. Qb1 axb4 32. axb4 Qe7 33. Qb3 Qd7 34. Qc2 Qd6 35. Qb3 Qd7 36. Qa2 Qe7 37. Qa7 Qd7 38. Qa2 Qe7 39. Nc1 Qxb4 40. Nd3 Qd6 41. Nxe5 Qxe5 42. Bc1 c5 43. Bb2 Qc7 44. Ng8 Nd4 45. Nxf6 Kxf6 46. Qa7 Ke5 47. Kh2 b4 48. Bg2 Ke6 49. Bxd4 cxd4 50. Qxd4 Qd6 51. Qa7 Qc6 52. Qa5 b3 53. Qb4 f5 54. exf5+ 1-0

[Event "EUR-chT Seniors 65"]
[Site "Prague"]
[Date "2021.09.03"]
[Round "5.3"]
[White "Kierzek, Mira"]
[Black "Kundt, Guenther"]
[Result "1-0"]
[WhiteElo "2003"]
[BlackElo "1751"]
[PlyCount "59"]
[EventDate "2021.08.30"]
[EventType "team-swiss"]
[EventRounds "9"]
[EventCountry "CZE"]
[SourceTitle "CBM 204 Extra"]
[Source "ChessBase"]
[SourceDate "2021.11.30"]
[SourceVersion "1"]
[SourceVersionDate "2021.11.30"]
[SourceQuality "1"]
[WhiteTeam "Germany (Women) 65"]
[BlackTeam "Germany North 65"]
[WhiteTeamCountry "GER"]
[BlackTeamCountry "GER"]

1. Nf3 d5 2. g3 Nf6 3. Bg2 e6 4. d4 c5 5. 0-0 Nc6 6. c3 Bd7 7. Nbd2 Be7 8. dxc5 Bxc5 9. c4 0-0 10. cxd5 exd5 11. Nb3 Be7 12. Be3 Be6 13. Nc5 Bxc5 14. Bxc5 Re8 15. Nd4 Nxd4 16. Qxd4 b6 17. Ba3 Rc8 18. Rac1 Qd7 19. Rfd1 Rxc1 20. Rxc1 Rc8 21. b3 Rxc1+ 22. Bxc1 h6 23. Bxh6 Ne8 24. Bd2 Qb5 25. Bf3 Nf6 26. Bc3 Qc5 27. Qxc5 bxc5 28. Bxf6 gxf6 29. Kf1 Bf5 30. Bxd5 1-0

[Event "EUR-chT Seniors 65"]
[Site "Prague"]
[Date "2021.09.01"]
[Round "3.2"]
[White "Kierzek, Mira"]
[Black "Holst, Per"]
[Result "0-1"]
[WhiteElo "2003"]
[BlackElo "2097"]
[PlyCount "86"]
[EventDate "2021.08.30"]
[EventType "team-swiss"]
[EventRounds "9"]
[EventCountry "CZE"]
[SourceTitle "CBM 204 Extra"]
[Source "ChessBase"]
[SourceDate "2021.11.30"]
[SourceVersion "1"]
[SourceVersionDate "2021.11.30"]
[SourceQuality "1"]
[WhiteTeam "Germany (Women) 65"]
[BlackTeam "Denmark SK 2012"]
[WhiteTeamCountry "GER"]
[BlackTeamCountry "DEN"]

1. d4 e6 2. Nf3 Nf6 3. e3 b6 4. Bd3 Bb7 5. Nbd2 c5 6. 0-0 Be7 7. b3 0-0 8. Bb2 cxd4 9. exd4 Re8 10. c4 d6 11. Rc1 Nbd7 12. Bb1 Bf8 13. Re1 g6 14. Qe2 Bh6 15. Rcd1 Rc8 16. Nf1 Nh5 17. g3 Bg7 18. N1d2 Nhf6 19. h4 Qc7 20. Qd3 d5 21. cxd5 exd5 22. Ne5 Ne4 23. Ndf3 Nxe5 24. Nxe5 Qd6 25. Rc1 Qe6 26. Kg2 f6 27. Nf3 Bh6 28. Rcd1 Rc7 29. Nh2 Bc8 30. g4 Qd6 31. Bc1 Bxc1 32. Rxc1 Rxc1 33. Rxc1 Qf4 34. Qf1 Bxg4 35. Qe1 Bh3+ 36. Kg1 Qxh4 37. Qe3 Kf8 38. Bd3 Nxf2 39. Qxf2 Qg5+ 40. Kh1 Qxc1+ 41. Nf1 Kg7 42. Kh2 Bxf1 43. Bxf1 Qe3 0-1

[Event "WchT Seniors 65"]
[Site "Prague"]
[Date "2020.03.11"]
[Round "6.3"]
[White "Wihlborn, Bengt"]
[Black "Kierzek, Mira"]
[Result "0-1"]
[WhiteElo "1859"]
[BlackElo "1983"]
[PlyCount "36"]
[EventDate "2020.03.06"]
[EventType "team-swiss"]
[EventRounds "7"]
[EventCountry "CZE"]
[SourceTitle "CBM 195 Extra"]
[Source "ChessBase"]
[SourceDate "2020.05.31"]
[SourceVersion "1"]
[SourceVersionDate "2020.05.31"]
[SourceQuality "1"]
[WhiteTeam "Sweden 65 II"]
[BlackTeam "Germany 65 (W)"]
[WhiteTeamCountry "SWE"]
[BlackTeamCountry "GER"]

1. Nf3 c5 2. c4 Nf6 3. Nc3 g6 4. g3 Bg7 5. Bg2 Nc6 6. 0-0 0-0 7. d4 cxd4 8. Nxd4 a6 9. c5 e5 10. Nb3 b5 11. Bg5 h6 12. Bxf6 Bxf6 13. Qd2 Bg7 14. Rfd1 Qe8 15. Ne4 Ra7 16. a4 bxa4 17. Rxa4 Qe6 18. Nd6 Qxb3 0-1

[Event "WchT Seniors 65"]
[Site "Prague"]
[Date "2020.03.07"]
[Round "2.24"]
[White "Strauss, Peter"]
[Black "Kierzek, Mira"]
[Result "0-1"]
[WhiteElo "1841"]
[BlackElo "1983"]
[PlyCount "114"]
[EventDate "2020.03.06"]
[EventType "team-swiss"]
[EventRounds "7"]
[EventCountry "CZE"]
[SourceTitle "CBM 195 Extra"]
[Source "ChessBase"]
[SourceDate "2020.05.31"]
[SourceVersion "1"]
[SourceVersionDate "2020.05.31"]
[SourceQuality "1"]
[WhiteTeam "Germany 65 X"]
[BlackTeam "Germany 65 (W)"]
[WhiteTeamCountry "GER"]
[BlackTeamCountry "GER"]

1. d4 Nf6 2. Nf3 g6 3. g3 Bg7 4. Bg2 0-0 5. 0-0 d5 6. c4 c6 7. Nc3 dxc4 8. Ne5 Ng4 9. f4 Nxe5 10. fxe5 Na6 11. Be3 Be6 12. Bf2 Nb4 13. Rc1 Bh6 14. Ra1 Nd5 15. Nxd5 cxd5 16. a4 b6 17. Ra3 Rc8 18. Rc3 Qd7 19. b3 cxb3 20. Qxb3 Rxc3 21. Qxc3 Rc8 22. Qa3 Rc4 23. Ra1 Qc7 24. Bf3 Rc3 25. Qb4 Rc4 26. Qa3 Kf8 27. Kg2 Qd7 28. h4 Bf5 29. a5 b5 30. a6 Bc2 31. Qb2 Qc6 32. Kh2 Bd2 33. Ra2 Bh6 34. Ra1 e6 35. h5 Kg8 36. hxg6 hxg6 37. Kg2 Kg7 38. Rh1 Qxa6 39. Rh4 Bg5 40. Rh2 b4 41. e3 Qa3 42. Qxa3 bxa3 43. Rh1 a2 44. Ra1 Bb1 45. Bd1 Rc1 46. Bf3 Rc3 47. e4 dxe4 48. Be2 Bc1 49. d5 e3 50. Be1 Rc2 51. Kf3 exd5 52. Bd3 Rb2 53. e6 f6 54. e7 Kf7 55. Bc3 Rf2+ 56. Kg4 Bxd3 57. Rxc1 Bf5+ 0-1

[Event "EUR-chT Seniors 50"]
[Site "Mali Losinj"]
[Date "2019.09.18"]
[Round "1.4"]
[White "Kierzek, Mira"]
[Black "Konopka, Michal"]
[Result "0-1"]
[WhiteElo "2015"]
[BlackElo "2351"]
[PlyCount "58"]
[EventDate "2019.09.18"]
[EventType "team-swiss"]
[EventRounds "9"]
[EventCountry "CRO"]
[SourceTitle "EXT 2020"]
[Source "ChessBase"]
[SourceDate "2019.10.17"]
[SourceVersion "1"]
[SourceVersionDate "2019.10.17"]
[SourceQuality "1"]
[WhiteTeam "Germany (Women) 50"]
[BlackTeam "Czech Republic 50"]
[WhiteTeamCountry "GER"]
[BlackTeamCountry "CZE"]

1. d4 Nf6 2. Nf3 g6 3. g3 Bg7 4. Bg2 d5 5. 0-0 0-0 6. c4 dxc4 7. Nc3 c6 8. Ne5 Ne8 9. Bf4 Nd6 10. Qc2 Be6 11. Rfd1 Nd7 12. Nxd7 Qxd7 13. e4 Bh3 14. Bh1 Rac8 15. Be3 b5 16. Rac1 f5 17. e5 f4 18. exd6 fxe3 19. fxe3 Bh6 20. Re1 exd6 21. Rcd1 d5 22. e4 dxe4 23. Bxe4 Bg4 24. Ne2 Rce8 25. Bg2 Be3+ 26. Kh1 Rf2 27. d5 Rxg2 28. Kxg2 Bh3+ 29. Kh1 Bf5 0-1

[Event "Bodensee Seniors op"]
[Site "Bregenz"]
[Date "2019.05.28"]
[Round "3"]
[White "Dellanoi, Guenter"]
[Black "Kierzek, Mira"]
[Result "0-1"]
[WhiteElo "1822"]
[BlackElo "1978"]
[PlyCount "122"]
[EventDate "2019.05.26"]
[EventType "swiss"]
[EventRounds "7"]
[EventCountry "AUT"]
[SourceTitle "CBM 190 Extra"]
[Source "ChessBase"]
[SourceDate "2019.07.15"]
[SourceVersion "1"]
[SourceVersionDate "2019.07.15"]
[SourceQuality "1"]

1. d4 Nf6 2. c4 g6 3. Nc3 Bg7 4. Nf3 0-0 5. h3 d6 6. Bf4 Nbd7 7. e3 c5 8. Be2 a6 9. 0-0 Qc7 10. Qc2 Re8 11. Rfd1 Nb6 12. Rac1 Bd7 13. a3 Rac8 14. b3 Na8 15. a4 Qa5 16. Nd2 Nc7 17. Nde4 Ne6 18. Bxd6 Nxe4 19. Nxe4 cxd4 20. Bg3 Bc6 21. Bf3 dxe3 22. fxe3 Bh6 23. Bf2 Qb6 24. Re1 Red8 25. Rcd1 Rxd1 26. Qxd1 Rd8 27. Qc2 Qb4 28. Rd1 Rxd1+ 29. Qxd1 Qb6 30. Qd3 Bxe4 31. Bxe4 Nc5 32. Qb1 Nxb3 33. c5 Qe6 34. Qd3 Nxc5 35. Qd8+ Bf8 36. Bd5 Qd6 37. Qxd6 exd6 38. a5 Bg7 39. e4 Bc3 40. Bxc5 dxc5 41. Bxb7 Bxa5 42. Bxa6 Kf8 43. g4 Ke7 44. Bc4 f6 45. Kf2 Kd6 46. Kf3 Ke5 47. h4 Kd4 48. Bb3 c4 49. Bd1 Bd8 50. Ba4 h6 51. Bc2 Kc3 52. Ba4 Kd2 53. Kf4 Bc7+ 54. Kf3 c3 55. g5 hxg5 56. hxg5 Be5 57. Kg4 c2 58. Bxc2 Kxc2 59. gxf6 Bxf6 60. e5 Be7 61. Kf4 Kd3 0-1

[Event "Bodensee Seniors op"]
[Site "Bregenz"]
[Date "2019.05.26"]
[Round "1"]
[White "Wraga, Teresa"]
[Black "Kierzek, Mira"]
[Result "0-1"]
[WhiteElo "1644"]
[BlackElo "1978"]
[PlyCount "44"]
[EventDate "2019.05.26"]
[EventType "swiss"]
[EventRounds "7"]
[EventCountry "AUT"]
[SourceTitle "CBM 190 Extra"]
[Source "ChessBase"]
[SourceDate "2019.07.15"]
[SourceVersion "1"]
[SourceVersionDate "2019.07.15"]
[SourceQuality "1"]

1. e4 c5 2. Nc3 Nc6 3. g3 g6 4. Bg2 Bg7 5. d3 d6 6. f4 e6 7. Nf3 Nge7 8. 0-0 Rb8 9. Be3 b5 10. Rb1 0-0 11. d4 b4 12. Ne2 Qa5 13. dxc5 dxc5 14. Qc1 Ba6 15. Re1 Rfe8 16. c3 Bd3 17. cxb4 cxb4 18. Ra1 Bxe4 19. Nfd4 Bxg2 20. Kxg2 Nxd4 21. Qc4 Nxe2 22. Qxe2 Nf5 0-1

[Event "GER-ch Seniors 50 31st"]
[Site "Radebeul"]
[Date "2019.04.27"]
[Round "2"]
[White "Wulff, Jens Peter"]
[Black "Kierzek, Mira"]
[Result "0-1"]
[WhiteElo "1809"]
[BlackElo "1978"]
[PlyCount "34"]
[EventDate "2019.04.26"]
[EventType "swiss"]
[EventRounds "9"]
[EventCountry "GER"]
[SourceTitle "CBM 190 Extra"]
[Source "ChessBase"]
[SourceDate "2019.07.15"]
[SourceVersion "1"]
[SourceVersionDate "2019.07.15"]
[SourceQuality "1"]

1. d4 Nf6 2. Nf3 e6 3. Bf4 d5 4. e3 Nbd7 5. Nbd2 c5 6. c3 Qb6 7. Qc2 Bd6 8. Ne5 h6 9. a4 Qc7 10. Be2 Nxe5 11. dxc5 Qxc5 12. Bb5+ Ned7 13. Bxd6 Qxd6 14. 0-0-0 a6 15. Be2 Qe7 16. f4 Nc5 17. Bf3 Bd7 0-1